000 00714nam a2200217 i 4500
001 186524
003 ES-MaACL
005 20230906222704.0
008 161122s2007 ti abo |||| | fre d
020 _a978-9973-827-33-3
100 1 _aTlili, Ridha.
_9161353
245 1 4 _aLes Carthage du monde /
_cRidha Tlili.
260 _aTunis [Túnez] :
_bApollonia,
_c[2007]
300 _a107 p. :
_bil. col., fot., mapas ;
_c21 x 24 cm.
504 _aBibliografía: p. 107.
594 _aEn port.: UNESCO.
650 4 _aNombres geográficos.
_9159305
651 4 _aCartago (Ciudad desaparecida)-
_xHistoria.
_9147979
710 2 _aUnesco.
_96999
852 _aES-MaACL
_jL-30869
_z. - Dedicatoria autógrafa del autor
999 _c186524
_d186524